000 00579nam a2200241 a 4500
001 nice12345678
003 IN_TiNIC
005 20260116015137.0
008 050524s1978 teha grp 000 0 ara
020 _a
_c100
082 0 0 _a297.1248
_bRAZ
100 _aRazi, Abu Jafar, Muhammad
245 _aAl-Kafi.
260 _aTehran
_bDarul Vahdat
_c1978
300 _a187p
500 _aincludes index and biblioraphy
505 2 _aArabic/English
650 _aHadith-Shiah
700 1 _aRazi, Abu Jafar, Muhammad
902 _bSRS
942 _cBK
999 _c18485
_d18485